00519nam a2200217Ia 450000300170000000500170001700800410003402000180007505000140009310000220010724500280012924500250015726000250018226000160020726000090022330000140023230000260024630000100027250000080028270000110029020180516111644.020180516111702.0180207s9999 xx 000 0 und d a978043909836X bP762 1998 aPolacco, Patricia aThank you, Mr. Falker / cby Patricia Polacco. aBroadway, New York : bScholastic, c1998 aunpaged : bcolor illustrations ; c27cm. a650 aTitle.